000 00799nam a22002297a 4500
999 _c7572
_d7572
003 AR-CdUCM
008 190320b ||||| |||| 00| 0 spa d
040 _aMUNICIPALIDAD PROVINCIAL DEL CUSCO
_cBIBLIOTECA MUNICIPAL DEL CUSCO
082 _a519.54 /
_bR78
100 _aRojas, Bernardo Jorge
_921386
245 _aExperimentación Agricola /
260 _aCusco :
_bAlpha Servicios Gráficos,
_c2016.
300 _a200 paginas ;
_bGraficos, tablas, ilustraciones,
_c24 cm.
505 _aContenido: Hipotesis -- promedios -- poblacion -- pruebas -- correlacional...
650 _aEstadistica
_95668
650 _aAgricola
_919561
650 _aExperimentación
_916358
650 _aPromedios
_921387
700 _aCotacallapa Sucapuca, Mario Roger
_921388
942 _2ddc
_cLIBROS
945 _arum